NCAA Logo #6 - Statistics

General Stats
  • This quiz has been taken 33 times
  • The average score is 13 of 16
Answer Stats
Picture Answer % Correct
California
100%
Florida
100%
Louisiana Tech
100%
Grand Canyon
89%
Northern Iowa
84%
Butler
79%
Dartmouth
79%
McNeese
79%
Southern
79%
Stephen F. Austin
79%
Davidson
74%
Illinois-Chicago
74%
Winthrop
74%
Arkansas State
68%
Radford
63%
Western Michigan
58%
No matching quizzes found
Score Distribution
Percent of People with Each Score
Percentile by Number Answered
Your Score History
You have not taken this quiz